| 000 | 01160nam a2200241Ii 4500 | ||
|---|---|---|---|
| 003 | JO-AjNU | ||
| 008 | 230605s9999||||xx |||||||||||||| ||und|| | ||
| 017 | _a2014/5/2204 | ||
| 020 | _a978-9957-32-841-2 | ||
| 040 |
_aJO-AjNU _bara _erda _cJO-AjNU |
||
| 041 | _aara | ||
| 050 | 1 | 4 | _aDP269.27.T6.A28 2015 |
| 100 | 3 |
_aجمع وتأليف وتحقيق: ابوطعمة، ياسر سلامة, _eauthor _960926 |
|
| 245 | 0 | 0 | _aتاريخ مدينة طليطلة (TOLEDDO: سلسلة دراسات في جغرافية وتاريخ مدن الاندلس، الكتاب الاول |
| 250 | _aالطبعة الاولى | ||
| 264 | 3 | 1 | _aعمان: دار الحامد للنشر والتوزيع،2015 |
| 300 |
_a278ص _b ويحتوي على خرائط وصور ملاحق و قائمة مراجع من ص237ص- 278ص |
||
| 336 |
_atext _btxt _2rdacontent |
||
| 337 |
_aunmediated _bn _2rdamedia |
||
| 338 |
_avolume _bnc _2rdacarrier |
||
| 490 | 0 | _aسلسلة دراسات في جغرافية وتاريخ مدن الاندلس الكتاب الاول | |
| 650 | 4 |
_aالاندلس - جغرافية وتاريخ - مدينة طليطلة - التاريخ _960927 |
|
| 999 |
_aA27509 _c31077 _d31077 |
||